| 000 | 00485nam a2200133Ia 4500 | ||
|---|---|---|---|
| 008 | 231017s9999 xx 000 0 und d | ||
| 082 | _a625.8 | ||
| 082 | _bBEJ | ||
| 245 | 0 | _aSummary of construction activities and results from six initial accelerated pavement tests conducted on asphalt concrete pavement section for modified-binder overlay | |
| 245 | 0 | _c"Pavement Research Center, California" | |
| 260 | _b"Pavement Research Center, California" | ||
| 300 | _c30cm | ||
| 942 | _cREP | ||
| 999 |
_c606162 _d606162 |
||